| 000 | 00629nam a22002057a 4500 | ||
|---|---|---|---|
| 003 | 0 | ||
| 005 | 20241228090509.0 | ||
| 008 | 241228b xxu||||| |||| 00| 0 eng d | ||
| 020 | _a979-8-89161-003-3 | ||
| 050 |
_aG155 _b.D86 2024 |
||
| 100 | _aDuncan, Charles | ||
| 245 |
_aTourism product development _cCharles Duncan |
||
| 260 |
_aJersey City, USA _bAlexis Press, LLC _c2024 |
||
| 300 |
_avi, 299 pages ; _c27cm. |
||
| 504 | _aIncludes bibliographical references and index. | ||
| 650 | _aTourism product--marketing. | ||
| 650 | _aProduct development. | ||
| 650 | _aProduct development--Strategy. | ||
| 942 |
_2lcc _cBK |
||
| 999 |
_c366848 _d366848 |
||